000 00305 a2200145 4500
001 194762
040 _cMagnum
100 _aHeck, Lenira Almeida
240 1 0 _aO ratinho Rói-Rói
_lpor
245 1 0 _aO ratinho Rói-Rói
300 _a23
362 0 _a2010
697 _aLITERATURA GERAL
942 _cBK
999 _c194762
_d194762